000 02121nam0a2200325 4500
001 RU\NLR\BIBL_A\022676029
005 20260303094220.0
010 _a978-5-502-01867-8
_950
021 _aRU
_bКН-П-25-060666
_9КН-П-25-5853
035 _a(NLR Aleph) 022676029
090 _a13555844
_c13555844
100 _a20251201d2025 u y0rusy50 ca
101 0 _arus
102 _aRU
105 _aa j 000yy
181 0 _ai3
_baxxe
182 0 _an
200 1 _aЭкономика предприятия
_eучебное пособие для студентов технических направлений подготовки
_fЕ. Г. Моисеева, И. Б. Гусева
_gМинистерство науки и высшего образования Российской Федерации, Федеральное государственное бюджетное образовательное учреждение высшего образования "Нижегородский государственный технический университет им. Р. Е. Алексеева", Арзамасский политехнический институт (филиал НГТУ им. Р. Е. Алексеева)
203 _aТекст
_bвизуальный
_cнепосредственный
210 _aНижний Новгород
_cНижегородский государственный технический университет им. Р. Е. Алексеева
_d2025
215 _a159 с.
_cил., табл.
_d20
320 _aБиблиогр.: с. 157-159 (30 назв.)
606 1 _aПредприятия
_jУчебные издания для высших учебных заведений
_xЭкономика
_92079094
_3RU\NLR\AUTH\661254966
686 1 _aУ29(0)я73
700 1 _aМоисеева
_bЕ. Г.
_gЕлена Геннадьевна
701 1 _7ca
_8rus
_aГусева
_bИ. Б.
_cканд. экон. наук
_gИрина Борисовна
_938757
_3RU\NLR\AUTH\7755825
942 _cBOOK
980 _aNB